|
|
|
|
| LEADER |
00000cam a2200000 c 4500 |
| 001 |
1618180444 |
| 003 |
DE-627 |
| 005 |
20251225201050.0 |
| 007 |
tu |
| 008 |
860320s1974 xx ||||| 00| ||fre c |
| 020 |
|
|
|a 2234000750
|9 2-234-00075-0
|
| 035 |
|
|
|a (DE-627)1618180444
|
| 035 |
|
|
|a (DE-576)010536809
|
| 035 |
|
|
|a (DE-599)BSZ010536809
|
| 035 |
|
|
|a (OCoLC)01104745
|
| 035 |
|
|
|a (DE-615)00295321
|
| 040 |
|
|
|a DE-627
|b ger
|c DE-627
|e rakwb
|
| 041 |
|
|
|a fre
|
| 082 |
0 |
|
|a 347/.44
|
| 082 |
0 |
|
|a 0905
|
| 082 |
0 |
|
|a 0904
|
| 082 |
0 |
|
|a 944
|
| 082 |
0 |
|
|a 347
|
| 084 |
|
|
|a RA04.06
|2 fivr
|
| 084 |
|
|
|a SF10
|2 fivs
|
| 100 |
1 |
|
|a Casamayor, Louis
|4 aut
|
| 245 |
1 |
0 |
|a Questions à la justice
|c Casamayor
|
| 264 |
|
1 |
|a Paris
|b Stock
|c 1974
|
| 300 |
|
|
|a 193 S.
|
| 336 |
|
|
|a Text
|b txt
|2 rdacontent
|
| 337 |
|
|
|a ohne Hilfsmittel zu benutzen
|b n
|2 rdamedia
|
| 338 |
|
|
|a Band
|b nc
|2 rdacarrier
|
| 490 |
0 |
|
|a Collection "Questions"
|
| 583 |
1 |
|
|a Archivierung prüfen
|c 20200919
|f DE-640
|z 3
|2 pdager
|
| 650 |
0 |
7 |
|0 (DE-588)4177253-2
|0 (DE-627)10534995X
|0 (DE-576)209976276
|a Rechtsprechende Gewalt
|2 gnd
|
| 650 |
0 |
7 |
|0 (DE-588)4182661-9
|0 (DE-627)105308781
|0 (DE-576)210013206
|a Staatsorgan
|2 gnd
|
| 650 |
0 |
7 |
|0 (DE-588)4115464-2
|0 (DE-627)105814148
|0 (DE-576)20949347X
|a Organisationsstruktur
|2 gnd
|
| 650 |
0 |
7 |
|0 (DE-588)4126269-4
|0 (DE-627)10573361X
|0 (DE-576)209583681
|a Rechtssicherheit
|2 gnd
|
| 650 |
0 |
7 |
|0 (DE-588)4056618-3
|0 (DE-627)106154303
|0 (DE-576)209118288
|a Staat
|2 gnd
|
| 650 |
0 |
7 |
|0 (DE-588)4008764-5
|0 (DE-627)104629584
|0 (DE-576)208878173
|a Bürger
|2 gnd
|
| 650 |
|
4 |
|a Frankreich
|x Justiz/Judikative Gewalt
|x Innere Organisation oberster Staatsorgane
|x Rechtssicherheit
|x Verhältnis Bürger - Staat
|
| 651 |
|
7 |
|0 (DE-588)4018145-5
|0 (DE-627)106327232
|0 (DE-576)208922857
|a Frankreich
|2 gnd
|
| 936 |
f |
i |
|0 (DE-627)1756131651
|a RA04.06
|b Frankreich
|k Europa
|k Westeuropa
|k Frankreich
|2 fivr
|
| 936 |
f |
i |
|0 (DE-627)1756135886
|a SF10
|b Recht
|k Staat
|k Recht
|2 fivs
|
| 936 |
f |
i |
|a ZGF260
|b Recht, Justiz, Innere Sicherheit
|k Recht, Justiz, Innere Sicherheit
|q DE-Lg3
|2 fivw
|
| 938 |
1 |
0 |
|0 (DE-627)1756148325
|0 (DE-615)6603106
|a Frankreich
|2 fivt
|
| 938 |
1 |
0 |
|0 (DE-627)1756225125
|0 (DE-615)6606926
|a Justiz/Judikative Gewalt
|2 fivt
|
| 938 |
1 |
0 |
|0 (DE-627)1756177015
|0 (DE-615)6605177
|a Rechtssicherheit
|2 fivt
|
| 938 |
1 |
0 |
|0 (DE-627)1756201234
|0 (DE-615)6600611
|a Staat
|2 fivt
|
| 951 |
|
|
|a BO
|
| ELC |
|
|
|b 1
|
| LOK |
|
|
|0 000 xxxxxcx a22 zn 4500
|
| LOK |
|
|
|0 001 3214231626
|
| LOK |
|
|
|0 003 DE-627
|
| LOK |
|
|
|0 004 1618180444
|
| LOK |
|
|
|0 005 20020606000000
|
| LOK |
|
|
|0 008 910610||||||||||||||||ger|||||||
|
| LOK |
|
|
|0 040
|a DE-21
|c DE-627
|d DE-21
|
| LOK |
|
|
|0 852
|a DE-21
|
| LOK |
|
|
|0 852 1
|c KB 5 A 28
|9 00
|
| LOK |
|
|
|0 935
|a krim
|
| LOK |
|
|
|0 936ln
|a k4.5.2
|
| LOK |
|
|
|0 939
|a 10-06-91
|b l01
|
| ORI |
|
|
|a SA-MARC-krimdoka001.raw
|
| SIG |
|
|
|a UB: KB 5 A 28
|